000 00618nam a22002177a 4500
003 UA-OsUOA
001 37091
007 ta
008 20060223b un ||||| |||| 00| 0 ukr d
100 _aЧеруха І.
090 _a908
_bЧ-11
942 _cSA
040 _aUA-OsUOA
_bukr
_cUA-OsUOA
_dUA-OsUOA
245 _aОстрозькі студенти покорили Альберту або як українці навчали канадців ліпити вареники
300 _aС.6
955 _a0
041 _aukr
080 _a908
773 0 _w37088
650 7 _a908 Краєзнавство
_2UDC
999 _c323312
_d323312